Daehwa (Record no. 1099949)

MARC details
000 -LEADER
fixed length control field 00757nam a2200277Ia 4500
003 - CONTROL NUMBER IDENTIFIER
control field OSt
005 - DATE AND TIME OF LATEST TRANSACTION
control field 20221006153300.0
008 - FIXED-LENGTH DATA ELEMENTS--GENERAL INFORMATION
fixed length control field 221006b |||||||| |||| 00| 0 kor d
037 ## - SOURCE OF ACQUISITION
Terms of availability Textual
040 ## - CATALOGING SOURCE
Original cataloging agency EASL
Transcribing agency EASL
Language of cataloging kor
041 ## - LANGUAGE CODE
Source of code kor
Language code of text/sound track or separate title kor
100 ## - MAIN ENTRY--PERSONAL NAME
Personal name KIM Je-Soon etc Au.
9 (RLIN) 663265
245 #0 - TITLE STATEMENT
Title Daehwa
Remainder of title 90 dae, sodae, 70 dae, 60 dae 4in-ui mesiji
260 ## - PUBLICATION, DISTRIBUTION, ETC.
Place of publication, distribution, etc. Seoul
Name of publisher, distributor, etc. Isamtoh Korea
Date of publication, distribution, etc. 2005
300 ## - PHYSICAL DESCRIPTION
Extent 166p.
Dimensions cm.
490 ## - SERIES STATEMENT
Volume/sequential designation KL
650 ## - SUBJECT ADDED ENTRY--TOPICAL TERM
Topical term or geographic name entry element KL
650 ## - SUBJECT ADDED ENTRY--TOPICAL TERM
Topical term or geographic name entry element Conversation
942 ## - ADDED ENTRY ELEMENTS (KOHA)
Classification part P495, P5
Koha item type Textual
Source of classification or shelving scheme Colon Classification (CC)
Holdings
Withdrawn status Lost status Source of classification or shelving scheme Damaged status Not for loan Home library Current library Date acquired Source of acquisition Serial Enumeration / chronology Total Checkouts Full call number Barcode Date last seen Price effective from Koha item type
    Colon Classification (CC)     Department of East Asian Studies Library Department of East Asian Studies Library 2022-10-06 Gift, Korean Embassy KL   P495 P5 EA1232659 2022-10-06 2022-10-06 Textual
Copyright @ Delhi University Library System